• 首页
  • 本馆介绍
  • 公告通知
  • 最新文献
  • 馆藏检索
  • 电子资源
  • 读者导购
  • 参考咨询
  • 我的图书馆
  • 登录
  • 详细信息显示
  • 放入我的书架
  • 预约/预借图书
  • 作者相关作品
  • 分类相关作品
  • 丛书相关作品
  • 出版社相关作品

书目信息

  • 表格格式
  • 工作单格式
  • 卡片格式
题名:
文化生产媒体与都市艺术
    
 
作者: 黛安娜·克兰 ;赵国新
分册:  
出版信息: 南京   译林出版社  2001
页数:
开本:
丛书名: 人与社会译丛
单 册:
中图分类: G2
科图分类:
主题词: 信息 , 知识--传播
电子资源:
ISBN: 7-80657-098-5
000 00646nam0 2200217 450
001 0734081268
005 20071007092801.28
010    @a7-80657-098-5
100    @a20071007d km y0chiy0120 ea
101 0  @achi
200 1  @a文化生产媒体与都市艺术@Awen hua sheng chan mei ti yu du shi yi shu@f黛安娜.克兰@Fdai an na.ke lan@g赵国新@Gzhao guo xin
210    @a南京@c译林出版社@d2001
225 2  @a人与社会译丛
410  0 @12001 @a人与社会译丛
606 0  @a信息
606 0  @a知识@x传播
690    @aG2@v3
701  0 @a黛安娜·克兰@Adai an na·ke lan
702  0 @a赵国新@Azhao guo xin
801  0 @aCN@bPFT@c20071007
905    @a213230@dG2@ea16@f1
    
    文化生产媒体与都市艺术/黛安娜.克兰/赵国新.-南京:译林出版社,2001
    (人与社会译丛)
    
    
    ISBN 7-80657-098-5:
    
●
相关链接 在E读中查询图书 在五车中查询图书 在当当中查询图书 在豆瓣中查询图书


正题名:文化生产媒体与都市艺术     索取号:G2/a16         预约/预借

序号 登录号 条形码 馆藏地/架位号 状态 备注
1 7505655   275056555   密集书库-史法系/ [索取号:G2/a16] 在馆    
唐山师范学院图书馆 欢迎您!
大连网信软件有限公司© 版权所有